Online
Catalog

El triunfo de la Belleza : (Record no. 18908)

MARC details
000 -CABECERA
campo de control de longitud fija 00774nam a2200229 a 4500
001 - NÚMERO DE CONTROL
campo de control 000019392
005 - FECHA Y HORA DE LA ÚLTIMA TRANSACCIÓN
campo de control 20200929170014.0
008 - DATOS DE LONGITUD FIJA--INFORMACIÓN GENERAL
campo de control de longitud fija 100628s2002 mx r 000 f spa d
020 ## - NÚMERO INTERNACIONAL ESTÁNDAR DEL LIBRO
Número Internacional Estándar del Libro 9688346004
040 ## - FUENTE DE LA CATALOGACIÓN
Centro catalogador/agencia de origen DO-SdBNP
Lengua de catalogación spa
Centro/agencia transcriptor BNPHU
082 ## - NÚMERO DE LA CLASIFICACIÓN DECIMAL DEWEY
Número de clasificación 828.9343
Número de documento/Ítem R845t
049 ## - FONDOS LOCALES (OCLC)
Fondos de biblioteca BNGR
100 1# - ENTRADA PRINCIPAL--NOMBRE DE PERSONA
Nombre de persona Roth, Joseph,
Fechas asociadas al nombre 1894-1939
9 (RLIN) 41644
245 13 - MENCIÓN DE TÍTULO
Título El triunfo de la Belleza :
Resto del título reportajes sentimentales /
Mención de responsabilidad, etc. Joseph Roth ; prólogo y traducción Javier García-Galiano.
260 ## - PUBLICACIÓN, DISTRIBUCIÓN, ETC.
Lugar de publicación, distribución, etc. Veracruz, México :
Nombre del editor, distribuidor, etc. Universidad Verecruzana,
Fecha de publicación, distribución, etc. 2002.
300 ## - DESCRIPCIÓN FÍSICA
Extensión 123 p. ;
Dimensiones 17 cm.
490 1# - MENCIÓN DE SERIE
Mención de serie Ficción breve
650 #4 - PUNTO DE ACCESO ADICIONAL DE MATERIA--TÉRMINO DE MATERIA
Término de materia o nombre geográfico como elemento de entrada Cuentos australianos
9 (RLIN) 41645
650 #4 - PUNTO DE ACCESO ADICIONAL DE MATERIA--TÉRMINO DE MATERIA
Término de materia o nombre geográfico como elemento de entrada Literatura australiana
9 (RLIN) 11480
700 1# - PUNTO DE ACCESO ADICIONAL--NOMBRE DE PERSONA
Nombre de persona García-Galiano, Javier,
Término indicativo de función/relación pról.
9 (RLIN) 41646
830 #0 - PUNTO DE ACCESO ADICIONAL DE SERIE-TÍTULO UNIFORME
Título uniforme Ficción breve
9 (RLIN) 41647
Holdings
Estado de retiro Estado de pérdida Restricciones de uso No para préstamo Código de colección Localización permanente Ubicación/localización actual Ubicación en estantería Fecha de adquisición Número de inventario Total de préstamos Signatura topográfica completa Código de barras Fecha visto por última vez Precio válido a partir de Tipo de ítem Koha
        Monografías: Libros y Folletos General General En catalogación 28.06.2010 LF1   828.9343 R845t 19392-10 25.06.2020 25.06.2020 Préstamo en sala

Powered by Koha